Průvodce pražskou archeologií

Titel: Průvodce pražskou archeologií : památky známé, neznámé i skryté / editoři: Ivana Boháčová, Jaroslav Podliska ; autoři: Ivana Boháčová, Tomasz Cymbalak, Jarmila Čiháková, Zdeněk Dragoun, Jan Hasil, Jan Havrda, Petr Juřina, Vojtěch Kašpar, Filip Laval, Katarína Mašterová, Jaroslav Podliska, Veronika Staňková, Petr Starec, Miroslava Šmolíková, Michal Tryml, Martin Vyšohlíd, Anna Žďárská
Verfasser: ; ; ; ; ; ; ; ; ; ; ; ; ; ;
Beteiligt: ;
Veröffentlicht: Praha : Archeologický ústav Akademie věd České republiky, 2017
Umfang: 334 Seiten : Illustrationen, Tabellen, Karten
Format: Buch
Sprache: Tschechisch
Schlagworte:
ISBN: 9788074800917 ; 9788087365977
Buchumschlag
X
alg: 42671869
001A    $04006:27-02-18 
001B    $03004:05-04-22 $t11:18:10.000 
001C    $04006:27-02-18 $t11:33:49.000 
001D    $03022:21-03-18 
001U    $0utf8 
001X    $00 
002@    $0Aau 
002C    $aText $btxt $2rdacontent 
002C    $aunbewegtes Bild $bsti $2rdacontent 
002D    $aohne Hilfsmittel zu benutzen $bn $2rdamedia 
002E    $aBand $bnc $2rdacarrier 
003@    $0426718690 
003O    $01025329907 $aOCoLC 
004A    $A978-80-7480-091-7 $fNárodní památkový ústav 
004A    $A978-80-87365-97-7 $fArcheologický ústav AV ČR 
007A    $0500124434 $aBSZ 
010@    $acze 
010E    $erda 
011@    $a2017 $n2017 
021A    $aPrůvodce pražskou archeologií $dpamátky známé, neznámé i skryté $heditoři: Ivana Boháčová, Jaroslav Podliska ; autoři: Ivana Boháčová, Tomasz Cymbalak, Jarmila Čiháková, Zdeněk Dragoun, Jan Hasil, Jan Havrda, Petr Juřina, Vojtěch Kašpar, Filip Laval, Katarína Mašterová, Jaroslav Podliska, Veronika Staňková, Petr Starec, Miroslava Šmolíková, Michal Tryml, Martin Vyšohlíd, Anna Žďárská 
028C    $BHerausgeber $#Boháčová, Ivana $4edt $7137084358 $8Boháčová, Ivana$Z1954- [Tp3] $9208405291 
028C    $BHerausgeber $4edt $71075166276 $8Podliska, Jaroslav$Z1970- [Tp3] $9362974373 
028C    $BVerfasser $4aut $71026995450 $8Cymbalak, Tomasz$Z1977- [Tp3] $9310263832 
028C    $BVerfasser $#Draganová, Jarmila $#Čiháková-Draganová, Jarmila $4aut $71125377895 $8Čiháková, Jarmila$Z1954- [Tp1] $9399591745 
028C    $BVerfasser $4aut $7143615157 $8Dragoun, Zdeněk$Z1946- [Tp1] $9231887930 
028C    $BVerfasser $4aut $71153213060 $8Hasil, Jan$Z1986- [Tp3] $9426651715 
028C    $BVerfasser $4aut $714193915X $8Havrda, Jan$Z1969- [Tp3] $9225682486 
028C    $BVerfasser $4aut $71153212714 $8Juřina, Petr$Z1967- [Tp3] $9426651561 
028C    $BVerfasser $#Kaspar, Vojtech $4aut $71153213338 $8Kašpar, Vojtěch$Z1969- [Tp3] $9426651820 
028C    $BVerfasser $4aut $71153213745 $8Laval, Filip [Tp3] $9426652061 
028C    $BVerfasser $#Chlustiková, Katarína $4aut $71153214156 $8Mašterová, Katarína [Tp3] $9426652231 
028C    $BVerfasser $4aut $71036833593 $8Staňková, Veronika$Z1982- [Tp3] $9325282498 
028C    $BVerfasser $4aut $71153214687 $8Starec, Petr [Tp3] $9426652584 
028C    $BVerfasser $4aut $7133665585 $8Smolíková, Miroslava$Z1958- [Tp3] $9192508342 
028C    $BVerfasser $4aut $71153214830 $8Tryml, Michal$Z1946- [Tp1] $9426652673 
028C    $BVerfasser $4aut $71153215012 $8Vyšohlíd, Martin$Z1973- [Tp3] $9426652762 
028C    $BVerfasser $#Prokopová, Anna $4aut $71067674055 $8Žďárská, Anna$Z1983- [Tp3] $9355949768 
033A    $pPraha $nArcheologický ústav Akademie věd České republiky 
034D    $a334 Seiten 
034M    $aIllustrationen, Tabellen, Karten 
044K    $RVor- und Frühgeschichte $RBodendenkmalpflege $#Archaeology $#Archéologie $74002827-6 $8Archäologie [Ts1] $9084999233 
044K    $#Prag $#Hlavni Město Praha $#Hauptstadt Prag $#Prag Kraj $#Bezirk Prag $#Praha $#Prague $#Praga $#Praag $74076310-9 $8Prag [Tg1] $9085216283 
045F    $a930.1094371 $eDDC23BSB 
045F/01 $a930.1 
045F/03 $g4371 
047I    $aArcheologický ústav Akademie věd ČR, Praha, ve spolupráci s Národním památkovým ústavem, územním odborným pracovištěm v Praze, vydává odbornou, populárně vědeckou publikaci pro širokou veřejnost Průvodce pražskou archeologií. Památky známé, neznámé i skryté. Jde o první kolektivní dílo pražských archeologů, kteří se zabývají systematicky výzkumem české metropole, a zároveň o důležitý počin k poznání a prezentaci nepsané historie Prahy, který přehledně zpřístupňuje archeologické prameny širokému okruhu uživatelů. Netradiční knižní průvodce je zaměřen především na historii ukrytou pod současným povrchem města a jsou v něm uveřejněny zcela nové informace o proměnách Prahy v minulosti. Reflektuje i mimořádné objevy z nedávné doby, např. předchůdce raně románské baziliky sv. Vavřince na Vyšehradě, zaniklý dominikánský klášter sv. Klimenta pod areálem současného Klementina včetně reliéfu Krista v Getsemanech nalezeného na sklonku roku 2016 nebo dlouho ztracený "kostel z legend", románskou rotundu sv. Václava, jejíž zpřístupnění v roce 2016 se stalo mimořádným počinem interinstitucionální spolupráce. Průvodce nejenže lze díky jeho příjemnému příručnímu formátu lehce nosit při procházkách Prahou, ale je možné jej směle označit za interaktivní médium: je totiž vybaven u každé památky QR kódy odkazujícími na webovou stránku informačního portálu pražské archeologie www.praha-archeologicka.cz s dalšími texty a obrázky 

lok: 42671869 36

exp: 42671869 36 1 #EPN
201B/01 $003-05-18 $t11:21:16.000 
201C/01 $027-02-18 
201U/01 $0utf8 
203@/01 $0101861270X 
208@/01 $a27-02-18 $bz 
209A/01 $aE 60/429 $dd $f001 $x00 
209C/01 $a2018.413 T 
247C/01 $8658001-4 Mainz, LEIZA - Leibniz-Zentrum für Archäologie, Bibliothek $9102601143 

lok: 42671869 75

exp: 42671869 75 1 #EPN
201B/01 $023-03-18 $t11:51:02.000 
201C/01 $021-03-18 
201U/01 $0utf8 
203@/01 $01020034424 
208@/01 $a21-03-18 $bz 
209A/01 $aM M/Boháčová $ds $f100 $x00 
209B/01 $at $x07 
209B/01 $aArcheologický ústav AV C̆R, Prag $x08 
209C/01 $a2018/0228 
247C/01 $8358020-9 Kassel, Museumslandschaft Hessen Kassel, Bibliothek, Königstor $9314575480 

lok: 42671869 78

exp: 42671869 78 1 #EPN
201B/01 $015-07-19 $t15:09:21.000 
201C/01 $015-07-19 
201U/01 $0utf8 
203@/01 $01055528881 
208@/01 $a15-07-19 $be 
209A/01 $a/ $f000 $x00 
209A/01 $ab*p $x01 
220C/01 $aeja 
244Z/01 $#Böhmische Kronländer $#Länder der Böhmischen Krone $#Sudetenland $#Böhmen $#Mähren $#Mährisch-Schlesien $#Österreichisch-Schlesien $#Tschechische Sozialistische Republik Böhmische Länder $#Tschechei Böhmische Länder $#Země koruny české $74069573-6 $8--Tg1--Böhmische Länder $x03 $9085195553 
247C/01 $82080>Marburg/Lahn, Herder-Institut, Forschungsbibliothek, Bibliographieportal $9336309341 

lok: 42671869 205

exp: 42671869 205 1 #EPN
201B/01 $005-04-18 $t16:04:04.000 
201C/01 $005-03-18 
201U/01 $0utf8 
203@/01 $01018789529 
208@/01 $a05-04-18 $bz 
209A/01 $ablau Fm 1001 $ds $f411 $x00 
209B/01 $a80 $x05 
209C/01 $a19 2018/00190 
209C/01 $anel1804NF 
247C/01 $8351411-0 <4/411>Marburg, Universität Marburg, Bibliothek Vor- und Frühgeschichte $9102595461
LEADER 00000cam a2200000 c 4500
001 426718690
003 DE-603
005 20220405111810.0
007 tu
008 180227s2017 xx |||| | u00||u|cze c
020 |a 9788074800917  |c Národní památkový ústav 
020 |a 9788087365977  |c Archeologický ústav AV ČR 
035 |a (DE-599)BSZ500124434 
035 |a (OCoLC)1025329907 
040 |a DE-603  |b ger  |c DE-603  |d DE-603  |e rda 
041 |a cze 
082 0 4 |8 1\u  |a 930.1094371  |q DE-101  |2 23/BSB 
085 |8 1\u  |b 930.1 
085 |8 1\u  |z 2  |s 4371 
245 0 0 |a Průvodce pražskou archeologií  |b památky známé, neznámé i skryté  |c editoři: Ivana Boháčová, Jaroslav Podliska ; autoři: Ivana Boháčová, Tomasz Cymbalak, Jarmila Čiháková, Zdeněk Dragoun, Jan Hasil, Jan Havrda, Petr Juřina, Vojtěch Kašpar, Filip Laval, Katarína Mašterová, Jaroslav Podliska, Veronika Staňková, Petr Starec, Miroslava Šmolíková, Michal Tryml, Martin Vyšohlíd, Anna Žďárská 
264 1 |a Praha  |b Archeologický ústav Akademie věd České republiky  |c 2017 
300 |a 334 Seiten  |b Illustrationen, Tabellen, Karten 
336 |a Text  |b txt  |2 rdacontent 
336 |a unbewegtes Bild  |b sti  |2 rdacontent 
337 |a ohne Hilfsmittel zu benutzen  |b n  |2 rdamedia 
338 |a Band  |b nc  |2 rdacarrier 
520 |a Archeologický ústav Akademie věd ČR, Praha, ve spolupráci s Národním památkovým ústavem, územním odborným pracovištěm v Praze, vydává odbornou, populárně vědeckou publikaci pro širokou veřejnost Průvodce pražskou archeologií. Památky známé, neznámé i skryté. Jde o první kolektivní dílo pražských archeologů, kteří se zabývají systematicky výzkumem české metropole, a zároveň o důležitý počin k poznání a prezentaci nepsané historie Prahy, který přehledně zpřístupňuje archeologické prameny širokému okruhu uživatelů. Netradiční knižní průvodce je zaměřen především na historii ukrytou pod současným povrchem města a jsou v něm uveřejněny zcela nové informace o proměnách Prahy v minulosti. Reflektuje i mimořádné objevy z nedávné doby, např. předchůdce raně románské baziliky sv. Vavřince na Vyšehradě, zaniklý dominikánský klášter sv. Klimenta pod areálem současného Klementina včetně reliéfu Krista v Getsemanech nalezeného na sklonku roku 2016 nebo dlouho ztracený "kostel z legend", románskou rotundu sv. Václava, jejíž zpřístupnění v roce 2016 se stalo mimořádným počinem interinstitucionální spolupráce. Průvodce nejenže lze díky jeho příjemnému příručnímu formátu lehce nosit při procházkách Prahou, ale je možné jej směle označit za interaktivní médium: je totiž vybaven u každé památky QR kódy odkazujícími na webovou stránku informačního portálu pražské archeologie www.praha-archeologicka.cz s dalšími texty a obrázky 
650 7 |a Archäologie  |0 (DE-588)4002827-6  |0 (DE-603)084999233  |2 gnd 
651 7 |a Prag  |0 (DE-588)4076310-9  |0 (DE-603)085216283  |2 gnd 
700 1 |a Boháčová, Ivana  |d 1954-  |e Herausgeber  |4 edt  |0 (DE-603)208405291  |0 (DE-588)137084358  |2 gnd 
700 1 |a Podliska, Jaroslav  |d 1970-  |e Herausgeber  |4 edt  |0 (DE-603)362974373  |0 (DE-588)1075166276  |2 gnd 
700 1 |a Cymbalak, Tomasz  |d 1977-  |e Verfasser  |4 aut  |0 (DE-603)310263832  |0 (DE-588)1026995450  |2 gnd 
700 1 |a Čiháková, Jarmila  |d 1954-  |e Verfasser  |4 aut  |0 (DE-603)399591745  |0 (DE-588)1125377895  |2 gnd 
700 1 |a Dragoun, Zdeněk  |d 1946-  |e Verfasser  |4 aut  |0 (DE-603)231887930  |0 (DE-588)143615157  |2 gnd 
700 1 |a Hasil, Jan  |d 1986-  |e Verfasser  |4 aut  |0 (DE-603)426651715  |0 (DE-588)1153213060  |2 gnd 
700 1 |a Havrda, Jan  |d 1969-  |e Verfasser  |4 aut  |0 (DE-603)225682486  |0 (DE-588)14193915X  |2 gnd 
700 1 |a Juřina, Petr  |d 1967-  |e Verfasser  |4 aut  |0 (DE-603)426651561  |0 (DE-588)1153212714  |2 gnd 
700 1 |a Kašpar, Vojtěch  |d 1969-  |e Verfasser  |4 aut  |0 (DE-603)426651820  |0 (DE-588)1153213338  |2 gnd 
700 1 |a Laval, Filip  |e Verfasser  |4 aut  |0 (DE-603)426652061  |0 (DE-588)1153213745  |2 gnd 
700 1 |a Mašterová, Katarína  |e Verfasser  |4 aut  |0 (DE-603)426652231  |0 (DE-588)1153214156  |2 gnd 
700 1 |a Staňková, Veronika  |d 1982-  |e Verfasser  |4 aut  |0 (DE-603)325282498  |0 (DE-588)1036833593  |2 gnd 
700 1 |a Starec, Petr  |e Verfasser  |4 aut  |0 (DE-603)426652584  |0 (DE-588)1153214687  |2 gnd 
700 1 |a Smolíková, Miroslava  |d 1958-  |e Verfasser  |4 aut  |0 (DE-603)192508342  |0 (DE-588)133665585  |2 gnd 
700 1 |a Tryml, Michal  |d 1946-  |e Verfasser  |4 aut  |0 (DE-603)426652673  |0 (DE-588)1153214830  |2 gnd 
700 1 |a Vyšohlíd, Martin  |d 1973-  |e Verfasser  |4 aut  |0 (DE-603)426652762  |0 (DE-588)1153215012  |2 gnd 
700 1 |a Žďárská, Anna  |d 1983-  |e Verfasser  |4 aut  |0 (DE-603)355949768  |0 (DE-588)1067674055  |2 gnd 
924 0 |9 Mz 1  |a (DE-603)101861270X  |b DE-Mz1  |c HES  |d d  |g E 60/429 
924 0 |9 Ks 14a  |a (DE-603)1020034424  |b DE-Ks14a  |c HES  |d d  |g M M/Boháčová 
924 0 |9 2080  |a (DE-603)1055528881  |b DE-2080  |c HES  |d d  |g / 
924 0 |9 4/411  |a (DE-603)1018789529  |b DE-4-411  |c HES  |d d  |g blau Fm 1001